02812nam a22003737i 4500001000800000003001000008007000500018008004100023040003500064041000800099043000700107084000700114100004800121245012000169246009200289264001100381300004600392336002700438337003300465338002800498500004600526504004400572520066200616520079501278650003902073650003602112650001902148700003302167700003102200773008602231942000902317952009502326999001702421B-11751CO-BoFNCPt|| 090305s2008 ck r spa d  aCO-BoFNCPbspacCO-BoFNCPerda aspa ack aA-1 aMartínez L., Gerardo933358,eautor.4aut10aProblemática de la Pudrición del cogollo en Tumaco e instrumentos para su manejo y la renovación del cultivo.2 aThe problem of bud rot in Tumaco and methods for its management and replanting of crops 4c©2008 apáginas 11-16 :bTablas, fotografías. atextobtxt2rdacontent asin mediaciónbn2rdamedia avolumenbnc2rdacarrier aContiene resumen en español e inglés. aIncluye 5 referencias bibliográficas. aBud Rot disease continues to advance in the municipality of Tumaco, in the south of Colombia. As a result of its lethal impact, the production of palm oil continues to fall. However, the shock response programs established and initiated in March 2007 by the Ministry of Agriculture and Rural Development, Finagro, Fedepalma, Cenipalma and local oil palm cultivators have born fruit. These programs have included censuses of infected palms, state incentives for their erradication, funding for the renewal of plantations with the OxG hybrid, and the strengthening of research projects to determine the causal agent and to design technologies for its control. aLa enfermedad de la Pudrición del cogollo (PC) continúa avanzando en el municipio de Tumaco, al sur de Colombia, y como consecuencia de su impacto que ha sido letal, la producción de aceite de palma continúa cayendo. Por otra parte, los programas de choque establecidos e iniciados en marzo de 2007 por el Ministerio de Agricultura y Desarrollo Rural, Finagro, Fedepalma, Cenipalma y los palmicultores locales y que comprendían los censos de palma enfermas, los incentivos estatales para erradicación de las mismas, el financiamiento para la renovación de plantaciones con el híbrido OxG, así como, el fortalecimiento de los programas de investigación para la determinación del agente causal y el diseño de tecnologías para su control, han venido dando sus frutos. 0aManejo integrado de plagas930521. 0aPudrición del cogollo930852. 0aTumaco931078.1 aCorredor R., Armando938906.1 aSilva C., Álvaro937146.0 aPalmas (Colombia)gv. 29, no. 3 Edición especial (2008), p.11-16wA-x0121-2923 2zc1 00102z4070a2b2d2013-10-21l0oA-pR-11751r2013-10-21 00:00:00tEj. 1w2013-10-21y1 c26516d26516